[Event "Azerbaijan Chess Championship2015 - Men"]
[Site ""]
[Date "2015.01.09"]
[Round "4"]
[Board "9"]
[White "Shabanov, Nurlan"]
[Black "Rzayev, Bahruz"]
[Result "1/2-1/2"]
[WhiteElo "2165"]
[BlackElo "2416"]
[PlyCount "0"]
[EventDate "2015.01.06"]
[EventRounds "9"]
[EventCountry "AZE"]

1. d4 {[%clk 1:30:54]} Nf6 {[%clk 1:30:54]} 2. c4 {[%clk 1:31:17]} c5
{[%clk 1:31:21]} 3. Nf3 {[%clk 1:30:15]} e6 {[%clk 1:30:50]} 4. Nc3
{[%clk 1:29:49]} cxd4 {[%clk 1:21:15]} 5. Nxd4 {[%clk 1:30:04]} Nc6
{[%clk 1:21:41]} 6. g3 {[%clk 1:21:04]} Ne5 {[%clk 1:13:28]} 7. Qb3
{[%clk 1:05:47]} Bc5 {[%clk 1:08:21]} 8. Be3 {[%clk 1:05:35]} Qa5
{[%clk 0:58:43]} 9. h3 {[%clk 0:53:17]} Ne4 {[%clk 0:45:19]} 10. Nc2
{[%clk 0:36:11]} Nd6 {[%clk 0:42:28]} 11. Bxc5 {[%clk 0:21:28]} Qxc5
{[%clk 0:42:49]} 12. Qa3 {[%clk 0:20:53]} Qxa3 {[%clk 0:35:00]} 13. Nxa3
{[%clk 0:21:14]} Nexc4 {[%clk 0:35:19]} 14. Nxc4 {[%clk 0:20:13]} Nxc4
{[%clk 0:35:46]} 15. b3 {[%clk 0:18:13]} Ne5 {[%clk 0:33:59]} 16. Bg2
{[%clk 0:16:54]} Ke7 {[%clk 0:29:47]} 17. f4 {[%clk 0:15:29]} Nc6
{[%clk 0:30:06]} 18. e4 {[%clk 0:13:10]} d6 {[%clk 0:30:04]} 19. O-O-O
{[%clk 0:12:17]} a6 {[%clk 0:27:56]} 20. Rd2 {[%clk 0:11:15]} b5 {[%clk 0:27:35]}
21. Re1 {[%clk 0:09:29]} Bb7 {[%clk 0:27:06]} 22. Nd5+ {[%clk 0:07:19]} Kd8
{[%clk 0:25:49]} 23. Ne3 {[%clk 0:05:59]} Kc7 {[%clk 0:26:12]} 24. Kb2
{[%clk 0:06:25]} Rhd8 {[%clk 0:26:22]} 25. Rc1 {[%clk 0:06:37]} Kd7
{[%clk 0:23:03]} 26. a3 {[%clk 0:04:09]} Rac8 {[%clk 0:21:40]} 27. h4
{[%clk 0:03:40]} Ke7 {[%clk 0:21:05]} 28. h5 {[%clk 0:03:18]} h6 {[%clk 0:18:34]}
29. Re1 {[%clk 0:03:30]} Na5 {[%clk 0:18:00]} 30. g4 {[%clk 0:02:42]} Rc7
{[%clk 0:15:59]} 31. Red1 {[%clk 0:02:48]} Bc6 {[%clk 0:14:32]} 32. Rc2
{[%clk 0:02:41]} Kd7 {[%clk 0:11:44]} 33. Rdc1 {[%clk 0:02:34]} Rdc8
{[%clk 0:11:36]} 34. b4 {[%clk 0:02:09]} Nb7 {[%clk 0:12:04]} 35. Nd5
{[%clk 0:02:11]} Bxd5 {[%clk 0:12:16]} 36. Rxc7+ {[%clk 0:02:05]} Rxc7
{[%clk 0:12:44]} 37. Rxc7+ {[%clk 0:02:29]} Kxc7 {[%clk 0:13:12]} 38. exd5
{[%clk 0:02:55]} Nd8 {[%clk 0:12:14]} 39. Kc3 {[%clk 0:01:48]} exd5
{[%clk 0:06:26]} 40. Bxd5 {[%clk 0:32:10]} Ne6 {[%clk 0:35:40]} 41. f5
{[%clk 0:25:52]} Nd8 {[%clk 0:35:15]} 42. g5 {[%clk 0:22:31]} f6 {[%clk 0:35:11]}
43. gxh6 {[%clk 0:22:43]} gxh6 {[%clk 0:35:40]} 44. Kd4 {[%clk 0:22:53]} Nc6+
{[%clk 0:35:35]} 45. Bxc6 {[%clk 0:23:00]} Kxc6 {[%clk 0:35:49]} 46. Ke4
{[%clk 0:23:21]} d5+ {[%clk 0:33:23]} 1/2-1/2

[Event "Azerbaijan Chess Championship2015 - Men"]
[Site ""]
[Date "2015.01.09"]
[Round "4"]
[Board "10"]
[White "Sadikhov, Ulvi"]
[Black "Abdulov, Orkhan"]
[Result "1/2-1/2"]
[WhiteElo "2414"]
[BlackElo "2342"]
[PlyCount "0"]
[EventDate "2015.01.06"]
[EventRounds "9"]
[EventCountry "AZE"]

1. e4 {[%clk 1:30:58]} e6 {[%clk 1:30:25]} 2. d3 {[%clk 1:31:24]} d5
{[%clk 1:30:39]} 3. Nd2 {[%clk 1:31:49]} c5 {[%clk 1:30:50]} 4. Ngf3
{[%clk 1:32:13]} Nc6 {[%clk 1:31:13]} 5. g3 {[%clk 1:32:37]} g6 {[%clk 1:30:50]}
6. Bg2 {[%clk 1:33:01]} Bg7 {[%clk 1:31:19]} 7. O-O {[%clk 1:33:22]} Nge7
{[%clk 1:31:46]} 8. Re1 {[%clk 1:33:44]} O-O {[%clk 1:32:12]} 9. Nf1
{[%clk 1:33:04]} dxe4 {[%clk 1:31:33]} 10. dxe4 {[%clk 1:32:48]} b6
{[%clk 1:31:24]} 11. c3 {[%clk 1:32:31]} Qxd1 {[%clk 1:29:40]} 12. Rxd1
{[%clk 1:32:56]} Ba6 {[%clk 1:29:58]} 13. Be3 {[%clk 1:26:36]} Rfd8
{[%clk 1:28:57]} 14. Rd2 {[%clk 1:25:32]} Na5 {[%clk 1:22:59]} 15. Rad1
{[%clk 1:23:26]} Rxd2 {[%clk 1:22:50]} 16. N1xd2 {[%clk 1:22:39]} Rd8
{[%clk 1:22:45]} 17. Rc1 {[%clk 1:21:33]} Rc8 {[%clk 1:05:58]} 18. Nb3
{[%clk 1:09:19]} Nxb3 {[%clk 1:00:26]} 19. axb3 {[%clk 1:09:44]} Nc6
{[%clk 1:00:49]} 20. Bf1 {[%clk 1:09:00]} Bb7 {[%clk 0:55:20]} 21. Ra1
{[%clk 1:07:04]} Ra8 {[%clk 0:38:21]} 22. Nd2 {[%clk 1:03:39]} Rd8
{[%clk 0:23:36]} 23. Bb5 {[%clk 0:55:08]} Na5 {[%clk 0:20:53]} 24. f3
{[%clk 0:54:33]} Kf8 {[%clk 0:19:53]} 25. Kf2 {[%clk 0:48:51]} Bf6
{[%clk 0:19:27]} 26. Ke2 {[%clk 0:33:32]} Be7 {[%clk 0:19:12]} 27. Bd3
{[%clk 0:31:24]} e5 {[%clk 0:13:24]} 28. Nc4 {[%clk 0:24:28]} Nxc4
{[%clk 0:13:11]} 29. Bxc4 {[%clk 0:23:05]} a5 {[%clk 0:12:23]} 30. Bb5
{[%clk 0:21:13]} f5 {[%clk 0:11:59]} 31. Bd3 {[%clk 0:20:45]} Bc8
{[%clk 0:11:54]} 32. Rd1 {[%clk 0:19:50]} Be6 {[%clk 0:09:02]} 33. Bc4
{[%clk 0:20:04]} Rxd1 {[%clk 0:08:53]} 34. Kxd1 {[%clk 0:20:30]} Bd7
{[%clk 0:08:14]} 35. Bd5 {[%clk 0:20:31]} a4 {[%clk 0:07:18]} 36. bxa4
{[%clk 0:20:11]} Bxa4+ {[%clk 0:07:44]} 37. Kd2 {[%clk 0:19:53]} Kg7
{[%clk 0:07:12]} 38. f4 {[%clk 0:19:54]} Bd6 {[%clk 0:06:59]} 39. fxe5
{[%clk 0:19:56]} Bxe5 {[%clk 0:07:28]} 40. exf5 {[%clk 0:48:43]} gxf5
{[%clk 0:37:56]} 41. b4 {[%clk 0:47:41]} cxb4 {[%clk 0:34:35]} 42. cxb4
{[%clk 0:47:31]} Bd6 {[%clk 0:34:37]} 43. Kc3 {[%clk 0:47:05]} Bc7
{[%clk 0:33:36]} 44. Kd4 {[%clk 0:43:56]} Kf6 {[%clk 0:33:14]} 45. Bf4
{[%clk 0:43:58]} Bxf4 {[%clk 0:31:55]} 46. gxf4 {[%clk 0:44:24]} Bd1
{[%clk 0:31:30]} 47. Bg8 {[%clk 0:43:36]} h6 {[%clk 0:29:55]} 
 1/2-1/2

[Event "Azerbaijan Chess Championship2015 - Men"]
[Site ""]
[Date "2015.01.09"]
[Round "4"]
[Board "11"]
[White "Sevdimaliyev, Urfan"]
[Black "Asadli, Vugar"]
[Result "0-1"]
[WhiteElo "2505"]
[BlackElo "2127"]
[PlyCount "0"]
[EventDate "2015.01.06"]
[EventRounds "9"]
[EventCountry "AZE"]

1. e4 {[%clk 1:30:58]} c5 {[%clk 1:30:46]} 2. Nf3 {[%clk 1:31:23]} e6
{[%clk 1:31:09]} 3. d4 {[%clk 1:31:05]} cxd4 {[%clk 1:31:28]} 4. Nxd4
{[%clk 1:31:32]} a6 {[%clk 1:31:51]} 5. c4 {[%clk 1:31:56]} Qc7 {[%clk 1:30:40]}
6. Nc3 {[%clk 1:31:37]} Nf6 {[%clk 1:30:50]} 7. Qc2 {[%clk 1:26:59]} Be7
{[%clk 1:27:42]} 8. Be2 {[%clk 1:26:54]} O-O {[%clk 1:26:12]} 9. O-O
{[%clk 1:27:21]} d6 {[%clk 1:26:07]} 10. Be3 {[%clk 1:27:43]} Nbd7
{[%clk 1:25:19]} 11. f3 {[%clk 1:22:05]} b6 {[%clk 1:24:27]} 12. a4
{[%clk 1:17:13]} Bb7 {[%clk 1:22:39]} 13. Rfc1 {[%clk 1:13:09]} Rfe8
{[%clk 1:17:53]} 14. a5 {[%clk 1:10:58]} bxa5 {[%clk 1:14:50]} 15. Nb3
{[%clk 1:09:33]} Rab8 {[%clk 1:11:57]} 16. Nxa5 {[%clk 1:09:47]} Ba8
{[%clk 1:12:20]} 17. Qd2 {[%clk 1:07:22]} h5 {[%clk 1:09:31]} 18. Na4
{[%clk 1:02:53]} h4 {[%clk 1:05:29]} 19. b4 {[%clk 0:58:54]} h3 {[%clk 1:05:17]}
20. gxh3 {[%clk 0:58:24]} Bd8 {[%clk 0:58:33]} 21. Rab1 {[%clk 0:48:15]} Ne5
{[%clk 0:54:39]} 22. Bd4 {[%clk 0:31:57]} Ng6 {[%clk 0:49:06]} 23. Qe3
{[%clk 0:22:54]} Nh5 {[%clk 0:42:52]} 24. Bf1 {[%clk 0:17:37]} Nhf4
{[%clk 0:41:03]} 25. c5 {[%clk 0:09:25]} e5 {[%clk 0:34:38]} 26. cxd6
{[%clk 0:08:06]} Qxd6 {[%clk 0:33:39]} 27. Bc5 {[%clk 0:07:05]} Qd7
{[%clk 0:28:33]} 28. Nb6 {[%clk 0:06:39]} Qe6 {[%clk 0:27:16]} 29. Nxa8
{[%clk 0:06:10]} Rxa8 {[%clk 0:27:29]} 30. Rd1 {[%clk 0:05:49]} Nh4
{[%clk 0:25:18]} 31. Kh1 {[%clk 0:04:42]} Qg6 {[%clk 0:24:33]} 32. Nc4
{[%clk 0:03:59]} Qh5 {[%clk 0:23:57]} 33. Rb3 {[%clk 0:03:02]} Re6
{[%clk 0:23:56]} 34. Nd6 {[%clk 0:02:27]} Be7 {[%clk 0:22:29]} 35. Bc4
{[%clk 0:01:04]} Bxd6 {[%clk 0:22:04]} 36. Bxd6 {[%clk 0:00:57]} Rg6
{[%clk 0:22:03]} 37. Bf1 {[%clk 0:00:56]} Rd8 {[%clk 0:21:59]} 38. Qb6
{[%clk 0:00:43]} Qg5 {[%clk 0:22:03]} 39. Qc5 {[%clk 0:00:41]} Qf6
{[%clk 0:21:35]} 0-1

[Event "Azerbaijan Chess Championship2015 - Men"]
[Site ""]
[Date "2015.01.10"]
[Round "5"]
[Board "1"]
[White "Mamedov, Rauf"]
[Black "Safarli, Eltaj"]
[Result "1/2-1/2"]
[WhiteElo "2642"]
[BlackElo "2635"]
[PlyCount "0"]
[EventDate "2015.01.06"]
[EventRounds "9"]
[EventCountry "AZE"]

1. Nf3 {[%clk 1:30:43]} Nf6 {[%clk 1:30:49]} 2. g3 {[%clk 1:30:47]} g6
{[%clk 1:31:14]} 3. Bg2 {[%clk 1:31:11]} Bg7 {[%clk 1:31:36]} 4. c4
{[%clk 1:31:17]} c6 {[%clk 1:31:54]} 5. O-O {[%clk 1:30:02]} O-O {[%clk 1:28:48]}
6. d4 {[%clk 1:29:16]} d5 {[%clk 1:27:52]} 7. cxd5 {[%clk 1:24:59]} cxd5
{[%clk 1:28:14]} 8. Ne5 {[%clk 1:24:12]} Ne4 {[%clk 1:26:39]} 9. Nc3
{[%clk 1:23:01]} Nxc3 {[%clk 1:24:21]} 10. bxc3 {[%clk 1:23:20]} Nc6
{[%clk 1:24:45]} 11. Nxc6 {[%clk 1:21:54]} bxc6 {[%clk 1:24:14]} 12. Qa4
{[%clk 1:22:12]} Qb6 {[%clk 1:23:21]} 13. Ba3 {[%clk 1:16:48]} Qa6
{[%clk 1:23:33]} 14. Qxa6 {[%clk 1:16:02]} Bxa6 {[%clk 1:23:56]} 15. Rfb1
{[%clk 1:16:24]} Rfb8 {[%clk 1:18:59]} 16. Bf1 {[%clk 1:14:55]} Bf8
{[%clk 1:18:56]} 17. e3 {[%clk 1:09:13]} Bxf1 {[%clk 1:18:41]} 18. Kxf1
{[%clk 1:09:05]} e6 {[%clk 1:18:54]} 19. Bxf8 {[%clk 1:09:19]} Kxf8
{[%clk 1:19:20]} 20. Ke2 {[%clk 1:09:07]} Ke7 {[%clk 1:19:33]} 21. Rb3
{[%clk 1:09:32]} Rb6 {[%clk 1:18:21]} 22. Kd3 {[%clk 1:04:42]} Rab8
{[%clk 1:17:00]} 23. Rab1 {[%clk 1:04:50]} Rxb3 {[%clk 1:17:10]} 24. axb3
{[%clk 1:05:08]} Rb6 {[%clk 1:17:32]} 25. Ra1 {[%clk 1:05:17]} Rxb3
{[%clk 1:17:46]} 26. Rxa7+ {[%clk 1:05:40]} Kf6 {[%clk 1:18:10]} 27. Kc2
{[%clk 1:06:07]} Rb5 {[%clk 1:18:35]} 28. Rc7 {[%clk 1:05:42]} Ra5
{[%clk 1:18:01]} 29. Kb2 {[%clk 1:05:11]} Rb5+ {[%clk 1:18:20]} 30. Kc2
{[%clk 1:05:15]} Ra5 {[%clk 1:18:45]} 31. Kb1 {[%clk 1:05:23]} Rb5+
{[%clk 1:18:58]} 32. Kc1 {[%clk 1:05:36]} Ra5 {[%clk 1:18:31]} 33. Kb2
{[%clk 1:05:54]} Rb5+ {[%clk 1:18:50]} 1/2-1/2

[Event "Azerbaijan Chess Championship2015 - Men"]
[Site ""]
[Date "2015.01.10"]
[Round "5"]
[Board "2"]
[White "Durarbayli, Vasif"]
[Black "Guseinov, Gadir"]
[Result "1/2-1/2"]
[WhiteElo "2635"]
[BlackElo "2610"]
[PlyCount "0"]
[EventDate "2015.01.06"]
[EventRounds "9"]
[EventCountry "AZE"]

1. e4 {[%clk 1:25:37]} c5 {[%clk 1:30:55]} 2. Nf3 {[%clk 1:26:01]} Nc6
{[%clk 1:31:22]} 3. d4 {[%clk 1:26:26]} cxd4 {[%clk 1:31:46]} 4. Nxd4
{[%clk 1:26:51]} g6 {[%clk 1:32:12]} 5. c4 {[%clk 1:27:18]} Nf6 {[%clk 1:32:12]}
6. Nc3 {[%clk 1:27:42]} Nxd4 {[%clk 1:32:38]} 7. Qxd4 {[%clk 1:28:08]} d6
{[%clk 1:33:04]} 8. Be3 {[%clk 1:28:33]} Bg7 {[%clk 1:33:31]} 9. f3
{[%clk 1:28:58]} O-O {[%clk 1:33:57]} 10. Qd2 {[%clk 1:29:24]} Qa5
{[%clk 1:33:16]} 11. Rc1 {[%clk 1:28:29]} a6 {[%clk 1:32:21]} 12. b3
{[%clk 1:21:56]} Bd7 {[%clk 1:31:18]} 13. g4 {[%clk 1:20:09]} b5 {[%clk 1:28:49]}
14. Nd5 {[%clk 1:12:37]} Qxd2+ {[%clk 1:29:00]} 15. Kxd2 {[%clk 1:12:59]} Nxd5
{[%clk 1:29:24]} 16. cxd5 {[%clk 1:13:25]} Rfc8 {[%clk 1:13:24]} 17. Bd3
{[%clk 1:12:54]} Kf8 {[%clk 1:13:26]} 18. h4 {[%clk 1:06:18]} Bb2
{[%clk 1:10:36]} 19. Rxc8+ {[%clk 1:06:09]} Rxc8 {[%clk 1:11:04]} 20. h5
{[%clk 1:06:01]} e6 {[%clk 1:10:57]} 21. hxg6 {[%clk 1:03:30]} hxg6
{[%clk 1:11:08]} 22. Ke2 {[%clk 0:53:44]} Ke7 {[%clk 1:06:41]} 23. Rh7
{[%clk 0:52:34]} Rh8 {[%clk 1:06:24]} 24. Bg5+ {[%clk 0:52:47]} Ke8
{[%clk 1:06:38]} 25. Rxh8+ {[%clk 0:53:07]} Bxh8 {[%clk 1:07:04]} 26. Kd2
{[%clk 0:52:25]} Bd4 {[%clk 1:06:27]} 27. dxe6 {[%clk 0:46:13]} Bxe6
{[%clk 1:06:40]} 28. Kc2 {[%clk 0:46:11]} Kd7 {[%clk 1:07:03]} 29. a4
{[%clk 0:46:38]} Kc6 {[%clk 1:07:31]} 30. axb5+ {[%clk 0:47:03]} axb5
{[%clk 1:07:59]} 1/2-1/2

[Event "Azerbaijan Chess Championship2015 - Men"]
[Site ""]
[Date "2015.01.10"]
[Round "5"]
[Board "3"]
[White "Mirzoev, Azer"]
[Black "Rasulov, Vugar"]
[Result "1-0"]
[WhiteElo "2549"]
[BlackElo "2491"]
[PlyCount "0"]
[EventDate "2015.01.06"]
[EventRounds "9"]
[EventCountry "AZE"]

1. d4 {[%clk 1:21:35]} Nf6 {[%clk 1:30:25]} 2. Nf3 {[%clk 1:22:01]} d5
{[%clk 1:30:00]} 3. c4 {[%clk 1:21:34]} c6 {[%clk 1:30:11]} 4. Qc2
{[%clk 1:21:45]} g6 {[%clk 1:29:18]} 5. Bf4 {[%clk 1:20:43]} Bg7 {[%clk 1:29:30]}
6. e3 {[%clk 1:21:07]} O-O {[%clk 1:29:33]} 7. Nc3 {[%clk 1:21:29]} Be6
{[%clk 1:27:07]} 8. Qb3 {[%clk 1:19:22]} Qb6 {[%clk 1:21:57]} 9. c5
{[%clk 1:18:22]} Qxb3 {[%clk 1:21:42]} 10. axb3 {[%clk 1:18:47]} Nbd7
{[%clk 1:19:52]} 11. h3 {[%clk 1:18:30]} Ne4 {[%clk 1:16:53]} 12. b4
{[%clk 1:18:22]} Bf5 {[%clk 1:09:33]} 13. Be2 {[%clk 1:12:35]} Rfe8
{[%clk 1:01:58]} 14. g4 {[%clk 1:06:36]} Nxc3 {[%clk 0:59:41]} 15. bxc3
{[%clk 1:06:59]} Be4 {[%clk 1:00:04]} 16. O-O {[%clk 1:04:14]} Bxf3
{[%clk 1:00:12]} 17. Bxf3 {[%clk 1:04:32]} e5 {[%clk 1:00:38]} 18. Bh2
{[%clk 1:04:39]} a6 {[%clk 1:00:43]} 19. Rad1 {[%clk 1:01:07]} Rad8
{[%clk 0:54:47]} 20. Rfe1 {[%clk 0:57:51]} Re7 {[%clk 0:50:20]} 21. Kg2
{[%clk 0:56:09]} Rde8 {[%clk 0:46:33]} 22. Be2 {[%clk 0:51:29]} Bf6
{[%clk 0:44:16]} 23. Bg3 {[%clk 0:50:55]} h6 {[%clk 0:43:38]} 24. Rg1
{[%clk 0:41:42]} Nf8 {[%clk 0:36:38]} 25. Bd3 {[%clk 0:40:33]} Rd7
{[%clk 0:34:49]} 26. h4 {[%clk 0:40:23]} exd4 {[%clk 0:34:12]} 27. cxd4
{[%clk 0:39:18]} Bd8 {[%clk 0:34:33]} 28. h5 {[%clk 0:39:43]} Bc7
{[%clk 0:32:58]} 29. hxg6 {[%clk 0:40:01]} fxg6 {[%clk 0:33:13]} 30. Bxc7
{[%clk 0:35:33]} Rxc7 {[%clk 0:33:40]} 31. Rh1 {[%clk 0:35:58]} Rh7
{[%clk 0:31:06]} 32. Rh3 {[%clk 0:35:56]} Kg7 {[%clk 0:27:06]} 33. Rdh1
{[%clk 0:36:19]} Nd7 {[%clk 0:22:24]} 34. g5 {[%clk 0:27:35]} Reh8
{[%clk 0:22:13]} 35. gxh6+ {[%clk 0:22:57]} Rxh6 {[%clk 0:22:41]} 36. Rxh6
{[%clk 0:23:18]} Rxh6 {[%clk 0:23:07]} 37. Rg1 {[%clk 0:23:23]} Kf6
{[%clk 0:22:21]} 38. Ra1 {[%clk 0:22:51]} Rh8 {[%clk 0:20:45]} 39. Kf3
{[%clk 0:23:16]} g5 {[%clk 0:19:56]} 40. Rg1 {[%clk 0:52:18]} Nf8
{[%clk 0:49:49]} 41. Ke2 {[%clk 0:52:04]} Rh3 {[%clk 0:43:21]} 42. Kf1
{[%clk 0:44:26]} Ne6 {[%clk 0:40:40]} 43. Be2 {[%clk 0:44:42]} Nc7
{[%clk 0:38:44]} 44. Bg4 {[%clk 0:44:45]} Rh8 {[%clk 0:38:27]} 45. Ke2
{[%clk 0:41:00]} Ke7 {[%clk 0:36:05]} 46. Rg3 {[%clk 0:40:35]} Nb5
{[%clk 0:33:13]} 47. Kd3 {[%clk 0:37:04]} Rf8 {[%clk 0:31:20]} 48. Rf3
{[%clk 0:33:59]} Rh8 {[%clk 0:28:36]} 49. Rh3 {[%clk 0:29:31]} Rh4
{[%clk 0:28:28]} 50. f3 {[%clk 0:28:09]} Na3 {[%clk 0:27:47]} 51. Bc8
{[%clk 0:20:13]} Nc4 {[%clk 0:26:50]} 52. Rg3 {[%clk 0:19:04]} Rh2
{[%clk 0:19:39]} 53. Bxb7 {[%clk 0:18:47]} Rd2+ {[%clk 0:17:59]} 54. Kc3
{[%clk 0:19:05]} Re2 {[%clk 0:18:18]} 55. f4 {[%clk 0:10:25]} g4 {[%clk 0:18:47]}
56. Bxc6 {[%clk 0:07:47]} Rxe3+ {[%clk 0:19:08]} 57. Rxe3+ {[%clk 0:08:06]} Nxe3
{[%clk 0:19:35]} 58. Kd2 {[%clk 0:07:23]} Nf5 {[%clk 0:19:57]} 59. Bxd5
{[%clk 0:07:17]} Nxd4 {[%clk 0:20:25]} 60. Kd3 {[%clk 0:07:22]} Nf5
{[%clk 0:19:40]} 61. Ke4 {[%clk 0:06:33]} Nh4 {[%clk 0:19:57]} 62. Ke3
{[%clk 0:03:50]} g3 {[%clk 0:17:06]} 63. Be4 {[%clk 0:03:19]} Kf6
{[%clk 0:17:33]} 64. Ke2 {[%clk 0:03:02]} Ke6 {[%clk 0:18:01]} 65. Kf1
{[%clk 0:02:38]} Kf6 {[%clk 0:18:15]} 66. Bb7 {[%clk 0:02:22]} Nf5
{[%clk 0:17:47]} 67. Kg2 {[%clk 0:01:23]} 1-0

[Event "Azerbaijan Chess Championship2015 - Men"]
[Site ""]
[Date "2015.01.10"]
[Round "5"]
[Board "4"]
[White "Bajarani, Ulvi"]
[Black "Bayramov, Elvin"]
[Result "1-0"]
[WhiteElo "2494"]
[BlackElo "2051"]
[PlyCount "0"]
[EventDate "2015.01.06"]
[EventRounds "9"]
[EventCountry "AZE"]

1. d4 {[%clk 1:30:58]} Nf6 {[%clk 1:30:56]} 2. Nc3 {[%clk 1:31:22]} g6
{[%clk 1:30:58]} 3. e4 {[%clk 1:31:46]} d6 {[%clk 1:31:25]} 4. f4
{[%clk 1:32:10]} Bg7 {[%clk 1:31:43]} 5. Nf3 {[%clk 1:32:34]} c5 {[%clk 1:28:56]}
6. Bb5+ {[%clk 1:32:19]} Nfd7 {[%clk 1:26:55]} 7. dxc5 {[%clk 1:32:01]} dxc5
{[%clk 1:27:00]} 8. e5 {[%clk 1:31:59]} a6 {[%clk 1:26:23]} 9. Bc4
{[%clk 1:30:50]} e6 {[%clk 1:21:40]} 10. a4 {[%clk 1:30:02]} O-O {[%clk 1:19:52]}
11. Be3 {[%clk 1:28:51]} Nc6 {[%clk 1:08:41]} 12. h4 {[%clk 1:28:20]} Nb4
{[%clk 0:58:14]} 13. h5 {[%clk 1:25:24]} Nb6 {[%clk 0:57:39]} 14. Bb3
{[%clk 1:24:46]} Qe7 {[%clk 0:55:34]} 15. Ne4 {[%clk 1:25:03]} Rd8
{[%clk 0:43:20]} 16. Qe2 {[%clk 1:25:18]} Nd7 {[%clk 0:43:32]} 17. hxg6
{[%clk 1:24:50]} hxg6 {[%clk 0:42:17]} 18. O-O-O {[%clk 1:24:19]} b6
{[%clk 0:41:53]} 19. Nd6 {[%clk 1:24:25]} b5 {[%clk 0:35:04]} 20. Nxf7
{[%clk 1:19:37]} Kxf7 {[%clk 0:24:24]} 21. Ng5+ {[%clk 1:20:00]} Ke8
{[%clk 0:23:36]} 22. Nxe6 {[%clk 1:20:23]} c4 {[%clk 0:23:05]} 23. Bxc4
{[%clk 1:20:44]} bxc4 {[%clk 0:23:04]} 24. Qxc4 {[%clk 1:20:56]} Bb7
{[%clk 0:21:24]} 25. Nxg7+ {[%clk 1:17:44]} Qxg7 {[%clk 0:21:47]} 26. Qxb4
{[%clk 1:18:00]} Nf8 {[%clk 0:21:09]} 27. Bc5 {[%clk 1:15:39]} Bxg2
{[%clk 0:18:59]} 28. Rhg1 {[%clk 1:14:56]} Bf3 {[%clk 0:17:46]} 29. Rdf1
{[%clk 1:14:42]} Be2 {[%clk 0:09:59]} 30. Re1 {[%clk 1:14:34]} Bh5
{[%clk 0:09:12]} 31. f5 {[%clk 1:14:09]} Qh6+ {[%clk 0:05:06]} 32. Kb1
{[%clk 1:13:17]} gxf5 {[%clk 0:05:12]} 33. Qh4 {[%clk 1:13:15]} Qh7
{[%clk 0:03:00]} 34. e6 {[%clk 1:13:30]} Ng6 {[%clk 0:03:01]} 35. Qf6
{[%clk 1:13:41]} Rd5 {[%clk 0:00:38]} 36. Rxg6 {[%clk 1:13:53]} Rxc5
{[%clk 0:00:44]} 37. Rg7 {[%clk 1:14:06]} 1-0

[Event "Azerbaijan Chess Championship2015 - Men"]
[Site ""]
[Date "2015.01.10"]
[Round "5"]
[Board "5"]
[White "Mammadov, Zaur"]
[Black "Abasov, Nijat"]
[Result "1/2-1/2"]
[WhiteElo "2487"]
[BlackElo "2530"]
[PlyCount "0"]
[EventDate "2015.01.06"]
[EventRounds "9"]
[EventCountry "AZE"]

1. e4 {[%clk 1:30:49]} c5 {[%clk 1:29:22]} 2. c3 {[%clk 1:31:13]} d5
{[%clk 1:29:23]} 3. exd5 {[%clk 1:31:37]} Qxd5 {[%clk 1:29:47]} 4. d4
{[%clk 1:32:03]} Nf6 {[%clk 1:30:08]} 5. Nf3 {[%clk 1:32:28]} e6 {[%clk 1:30:30]}
6. Na3 {[%clk 1:30:16]} a6 {[%clk 1:30:35]} 7. Nc4 {[%clk 1:25:29]} Nbd7
{[%clk 1:30:41]} 8. Be2 {[%clk 1:25:52]} b5 {[%clk 1:30:33]} 9. Ne3
{[%clk 1:25:03]} Qc6 {[%clk 1:30:45]} 10. O-O {[%clk 1:20:55]} Be7
{[%clk 1:29:36]} 11. a4 {[%clk 1:21:03]} Bb7 {[%clk 1:29:40]} 12. dxc5
{[%clk 1:01:11]} Qxc5 {[%clk 1:29:48]} 13. axb5 {[%clk 0:58:58]} axb5
{[%clk 1:30:05]} 14. Rxa8+ {[%clk 0:59:25]} Bxa8 {[%clk 1:30:25]} 15. Nc2
{[%clk 0:59:43]} O-O {[%clk 1:30:38]} 16. Be3 {[%clk 0:59:23]} Qc7
{[%clk 1:30:43]} 17. Nfd4 {[%clk 0:40:45]} Qb7 {[%clk 1:25:57]} 18. Bf3
{[%clk 0:40:38]} Nd5 {[%clk 1:25:34]} 19. Bf4 {[%clk 0:29:25]} Qb6
{[%clk 1:02:25]} 20. Bg3 {[%clk 0:29:46]} Bf6 {[%clk 0:58:31]} 21. Re1
{[%clk 0:27:24]} Nc5 {[%clk 0:52:43]} 22. Qe2 {[%clk 0:14:13]} Na4
{[%clk 0:48:17]} 23. Bxd5 {[%clk 0:14:20]} Bxd5 {[%clk 0:48:37]} 24. Ne3
{[%clk 0:14:43]} Bc4 {[%clk 0:44:19]} 25. Qc2 {[%clk 0:07:38]} Nc5
{[%clk 0:41:41]} 26. Rd1 {[%clk 0:07:26]} e5 {[%clk 0:40:13]} 27. Nxc4
{[%clk 0:07:22]} bxc4 {[%clk 0:40:38]} 28. Nf5 {[%clk 0:06:23]} Nd3
{[%clk 0:38:14]} 29. Ne3 {[%clk 0:03:44]} Qxb2 {[%clk 0:37:03]} 30. Qxb2
{[%clk 0:02:16]} Nxb2 {[%clk 0:37:29]} 31. Rb1 {[%clk 0:01:51]} Na4
{[%clk 0:37:53]} 32. Nxc4 {[%clk 0:02:08]} Nxc3 {[%clk 0:38:18]} 33. Re1
{[%clk 0:02:36]} e4 {[%clk 0:38:41]} 34. Nd6 {[%clk 0:02:18]} Ra8
{[%clk 0:37:49]} 35. Kf1 {[%clk 0:02:22]} Ra4 {[%clk 0:37:34]} 36. Bf4
{[%clk 0:02:40]} h5 {[%clk 0:30:57]} 37. h3 {[%clk 0:01:21]} g6 {[%clk 0:18:57]}
38. Bd2 {[%clk 0:01:34]} Be5 {[%clk 0:17:51]} 39. Nb7 {[%clk 0:01:30]} f5
{[%clk 0:16:59]} 40. Rc1 {[%clk 0:31:40]} Nb5 {[%clk 0:41:39]} 41. Na5
{[%clk 0:22:46]} Ra2 {[%clk 0:39:40]} 42. Nc4 {[%clk 0:19:28]} Bd4
{[%clk 0:39:05]} 43. g3 {[%clk 0:14:55]} Nd6 {[%clk 0:29:12]} 44. Be3
{[%clk 0:14:10]} Nxc4 {[%clk 0:28:16]} 45. Bxd4 {[%clk 0:13:43]} Nd2+
{[%clk 0:28:33]} 46. Kg2 {[%clk 0:13:56]} Nf3 {[%clk 0:28:54]} 47. Be3
{[%clk 0:14:06]} g5 {[%clk 0:21:50]} 48. h4 {[%clk 0:03:42]} gxh4
{[%clk 0:19:04]} 49. Rc5 {[%clk 0:02:17]} Ra1 {[%clk 0:15:28]} 50. gxh4
{[%clk 0:02:46]} Rg1+ {[%clk 0:12:21]} 51. Kh3 {[%clk 0:03:14]} Rh1+
{[%clk 0:12:04]} 52. Kg2 {[%clk 0:02:55]} Rxh4 {[%clk 0:11:40]} 53. Rxf5
{[%clk 0:03:24]} Kg7 {[%clk 0:12:02]} 54. Rf4 {[%clk 0:02:29]} Rxf4
{[%clk 0:08:28]} 55. Bxf4 {[%clk 0:02:58]} Kg6 {[%clk 0:08:51]} 56. Kg3
{[%clk 0:03:09]} Kf6 {[%clk 0:08:47]} 57. Bc1 {[%clk 0:02:50]} Ke5
{[%clk 0:08:56]} 58. Bb2+ {[%clk 0:03:05]} Kf5 {[%clk 0:08:54]} 59. Bc1
{[%clk 0:03:31]} h4+ {[%clk 0:06:42]} 60. Kh3 {[%clk 0:04:00]} Ke5
{[%clk 0:06:42]} 61. Be3 {[%clk 0:03:13]} Kd5 {[%clk 0:06:56]} 62. Ba7
{[%clk 0:03:16]} Kc4 {[%clk 0:07:21]} 63. Kg4 {[%clk 0:03:25]} Kd3
{[%clk 0:07:44]} 64. Kh3 {[%clk 0:03:38]} Ke2 {[%clk 0:08:08]} 65. Bb6
{[%clk 0:03:58]} Ke1 {[%clk 0:07:15]} 66. Ba7 {[%clk 0:04:13]} Kf1
{[%clk 0:07:41]} 67. Bb6 {[%clk 0:04:33]} Ke2 {[%clk 0:08:06]} 68. Ba7
{[%clk 0:04:33]} Ne5 {[%clk 0:07:28]} 69. Kxh4 {[%clk 0:04:52]} Kf3
{[%clk 0:07:56]} 70. Kg5 {[%clk 0:05:13]} Nd3 {[%clk 0:08:21]} 71. Kf5
{[%clk 0:05:39]} Nxf2 {[%clk 0:08:48]} 72. Bxf2 {[%clk 0:06:03]} Kxf2
{[%clk 0:09:16]} 73. Kxe4 1/2-1/2